Desarrollo urbano

সংরক্ষণ করুন:
গ্রন্থ-পঞ্জীর বিবরন
প্রধান লেখক: Argüello Rodríguez, Manuel
বিন্যাস: পাঠ‍্য
প্রকাশিত: San José: EUNED
ট্যাগগুলো: ট্যাগ যুক্ত করুন
কোনো ট্যাগ নেই, প্রথমজন হিসাবে ট্যাগ করুন!

MARC

LEADER 00000 a a2200000 04500
001 23867
003
040
090 |a 164200  
100 |a Argüello Rodríguez, Manuel  
245 |a Desarrollo urbano  
260 |a San José:   |b EUNED  
300 |a 114 p   |b **no definido**  
999 |c 12369  |d 12369